Jarīr (Record no. 46924)
[ view plain ]
| 000 -LEADER | |
|---|---|
| fixed length control field | 00711cam a22002531 4500 |
| 001 - CONTROL NUMBER | |
| control field | ne 64000991 |
| 003 - CONTROL NUMBER IDENTIFIER | |
| control field | DLC |
| 005 - DATE AND TIME OF LATEST TRANSACTION | |
| control field | 20260227111758.0 |
| 008 - FIXED-LENGTH DATA ELEMENTS--GENERAL INFORMATION | |
| fixed length control field | 901008s1963 le b 000 0barar |
| 010 ## - LIBRARY OF CONGRESS CONTROL NUMBER | |
| LC control number | ne 64000991 |
| 025 ## - OVERSEAS ACQUISITION NUMBER | |
| Overseas acquisition number | PL480:UAR-4018 |
| 035 ## - SYSTEM CONTROL NUMBER | |
| System control number | (OCoLC)22478490 |
| 040 ## - CATALOGING SOURCE | |
| Original cataloging agency | DLC |
| Transcribing agency | WaU |
| Modifying agency | WaU |
| -- | DLC |
| 042 ## - AUTHENTICATION CODE | |
| Authentication code | premarc |
| 050 00 - LIBRARY OF CONGRESS CALL NUMBER | |
| Classification number | PJ7700.J3 |
| Item number | Z87 |
| 100 1# - MAIN ENTRY--PERSONAL NAME | |
| Personal name | Sulṭān, Jamīl. |
| 245 00 - TITLE STATEMENT | |
| Title | Jarīr |
| Statement of responsibility, etc. | [taʻlīf] Jamīl Sulṭān. |
| 250 ## - EDITION STATEMENT | |
| Edition statement | [al-Ṭabʻah al-ūlá] |
| 260 ## - PUBLICATION, DISTRIBUTION, ETC. | |
| Place of publication, distribution, etc. | Bayrūt, |
| Name of publisher, distributor, etc. | Dār al-Sharq al-Jadīd |
| Date of publication, distribution, etc. | [1963] |
| 300 ## - PHYSICAL DESCRIPTION | |
| Extent | 180 p. |
| Dimensions | 20 cm. |
| 440 #0 - SERIES STATEMENT/ADDED ENTRY--TITLE | |
| Title | Aʻlām al-fikr al-ʻArabī, |
| Volume/sequential designation | 23 |
| 504 ## - BIBLIOGRAPHY, ETC. NOTE | |
| Bibliography, etc. note | Bibliography: p. 177. |
| 600 00 - SUBJECT ADDED ENTRY--PERSONAL NAME | |
| Personal name | Jarīr ibn ʻAṭīyah, |
| Dates associated with a name | -728? |
No items available.